| 000 | 01330nam a2200313ua 4500 | ||
|---|---|---|---|
| 001 | C01320237c-6 | ||
| 003 | CO-ViMGA | ||
| 005 | 20230915233137.0 | ||
| 008 | 111116s2011 ck a gr 00010 spa d | ||
| 020 | _a9789586642415 | ||
| 040 |
_aCO-ViMGA _bspa _cCO-ViMGA |
||
| 043 | _as-ck--- | ||
| 082 | 0 | 4 |
_a770.986 _bM87o _221 |
| 110 | 2 |
_aMuseo de Arte del Banco de la República (Bogotá) _93922 |
|
| 245 | 1 | 0 |
_aOscar Muñoz : _bprotografías / _cMuseo de Arte del Banco de la República ; curador principal José Roca ; curadora adjunta Maria Wills Londoño ; fotografías Oscar Muñoz ... [et al.]. |
| 260 | 3 |
_aBogotá : _bBanco de la República, _c2011. |
|
| 300 |
_a187 p. : _bil. ; _c26 cm. |
||
| 600 | 1 | 4 |
_aMuñoz, Oscar, _d1951- _v Entrevistas. _93924 |
| 600 | 1 | 4 |
_aMuñoz, Oscar, _d1951- _x Trabajos artísticos _v Exposiciones _v Catálogos. _93923 |
| 650 | 1 | 4 |
_aArte contemporáneo _v Exposiciones _v Catálogos. _91369 |
| 650 | 1 | 4 |
_aInstalación (Arte) _v Exposiciones _v Catálogos. _93926 |
| 650 | 1 | 4 |
_aFotografía (técnica mixta) _v Exposiciones _v Catálogos. _93925 |
| 650 | 1 | 4 |
_aFotografía colombiana. _91378 |
| 650 | 1 | 4 |
_aFotógrafos colombianos. _91379 |
| 700 | 1 |
_aMuñoz, Oscar, _efot. _93929 |
|
| 700 | 1 |
_aRoca, José Ignacio, _d1962- _93927 |
|
| 700 | 1 |
_aWills Londoño, María. _93928 |
|
| 942 |
_2ddc _cBK |
||
| 999 |
_c35627 _d35627 |
||